50 municípios mais populosos de Alagoas - Statistics

Estatísticas Gerais
  • Esse quiz foi jogado 64 vezes
  • A pontuação média é 30 de 50
Estatísticas das Respostas
# População Letra Cidade % Correto
1 957.916 M Maceió
100%
2 234.696 A Arapiraca
93%
4 71.574 P Palmeira dos Índios
85%
3 93.927 R Rio Largo
85%
5 60.370 M Marechal Deodoro
83%
8 51.990 S São Miguel dos Campos
83%
6 59.280 U União dos Palmares
83%
7 58.647 P Penedo
80%
16 32.174 M Maragogi
78%
22 25.187 M Murici
78%
10 50.414 C Coruripe
75%
13 37.512 A Atalaia
70%
9 51.319 D Delmiro Gouveia
70%
15 35.370 P Pilar
70%
33 22.609 P Piranhas
70%
11 46.220 S Santana do Ipanema
68%
25 24.092 V Viçosa
68%
12 38.053 T Teotônio Vilela
65%
28 23.907 J Junqueiro
60%
23 24.740 L Limoeiro de Anadia
60%
24 24.278 S Satuba
60%
38 20.695 O Olho d’Água das Flores
58%
18 31.786 S São Sebastião
58%
45 16.448 B Batalha
55%
48 15.897 P Piaçabuçu
55%
17 32.106 C Campo Alegre
53%
14 36.102 G Girau do Ponciano
53%
27 23.995 I Igaci
53%
37 20.813 S São José da Laje
53%
40 19.032 T Taquarana
53%
41 19.008 A Água Branca
50%
21 25.397 C Craíbas
50%
34 21.844 M Mata Grande
50%
20 30.604 S São José da Tapera
50%
19 30.873 S São Luís do Quitunde
50%
35 21.372 I Igreja Nova
48%
39 20.079 P Porto Real do Colégio
48%
31 23.565 T Traipu
48%
36 21.187 B Boca da Mata
45%
32 22.712 F Feira Grande
45%
42 18.457 L Lagoa da Canoa
45%
30 23.823 P Pão de Açúcar
45%
26 24.071 P Porto Calvo
45%
47 16.024 C Cajueiro
43%
44 17.152 J Joaquim Gomes
43%
29 23.857 M Matriz de Camaragibe
43%
50 15.559 C Canapi
40%
46 16.365 B Barra de Santo Antônio
38%
49 15.816 C Colônia Leopoldina
38%
43 17.700 M Major Isidoro
33%
Nenhum quiz correspondente encontrado
Distribuição das Pontuações
Porcentagem de Pessoas com Cada Pontuação
Percentil de Números Respondidos
Sua Pontuação Histórica
Você não jogou esse quiz